<?xml version="1.0" encoding="UTF-8"?>
<record
    xmlns:xsi="http://www.w3.org/2001/XMLSchema-instance"
    xsi:schemaLocation="http://www.loc.gov/MARC21/slim http://www.loc.gov/standards/marcxml/schema/MARC21slim.xsd"
    xmlns="http://www.loc.gov/MARC21/slim">

  <leader>01039cpcaa2200217   4500</leader>
  <controlfield tag="001">mm 83062257 </controlfield>
  <controlfield tag="003">DLC</controlfield>
  <controlfield tag="005">20260227111720.0</controlfield>
  <controlfield tag="008">830304||||||||||||                 ger  </controlfield>
  <datafield tag="010" ind1=" " ind2=" ">
    <subfield code="a">mm 83062257 </subfield>
  </datafield>
  <datafield tag="040" ind1=" " ind2=" ">
    <subfield code="a">DLC</subfield>
    <subfield code="c">DLC</subfield>
    <subfield code="e">dacs</subfield>
    <subfield code="d">DLC</subfield>
  </datafield>
  <datafield tag="072" ind1=" " ind2="7">
    <subfield code="a">C</subfield>
    <subfield code="2">lcmd</subfield>
  </datafield>
  <datafield tag="245" ind1="0" ind2="0">
    <subfield code="a">Trost-reiches Bett-B&#xFC;chlein worinnen Ein[e] Gott dienende... :</subfield>
    <subfield code="k">prayerbook,</subfield>
    <subfield code="f">1732.</subfield>
  </datafield>
  <datafield tag="300" ind1=" " ind2=" ">
    <subfield code="a">1</subfield>
    <subfield code="f">volume.</subfield>
  </datafield>
  <datafield tag="506" ind1="0" ind2=" ">
    <subfield code="a">Open to research.</subfield>
  </datafield>
  <datafield tag="520" ind1="8" ind2=" ">
    <subfield code="a">Manuscript prayerbook by an unknown person in Vienna.  Full title: "Trost-reiches Bett B&#xFC;chlein worinnen Ein Gott dienende seele die auserlesenste sch&#xF6;nste so wohl Morgen-Abendt-Mess-Beicht und Communion- Gebette/alle auch noch viele andere, der Seelen herzambste Andachts-&#xDC;bungen zufinden nat zusanimen getragen und geschriben, Wienn, 1732."</subfield>
  </datafield>
  <datafield tag="546" ind1=" " ind2=" ">
    <subfield code="a">Collection material in German.</subfield>
  </datafield>
  <datafield tag="610" ind1="2" ind2="0">
    <subfield code="a">Catholic Church</subfield>
    <subfield code="z">Austria.</subfield>
  </datafield>
  <datafield tag="999" ind1=" " ind2=" ">
    <subfield code="c">43990</subfield>
    <subfield code="d">43990</subfield>
  </datafield>
</record>
